00560nam a2200145 a 450000100100000000500170001000800410002704000250006824501120009326000420020530000360024704900090028395201050029299900170039700003100320200930062637.0110609s2001 dr 000 0 spa d aDO-SdBNPbspacBNPHU00aPremio a la calidad y servicio al cliente 2001 :ba los que logran la excelencia con el servicio memorable. aSanto Domingo :b[Codetel].,c[2001]. a106 p. :bil., retrs. ;c18 cm. aBNPD 0010718PDaPDbPDcCTd2011-06-09iLF1l0o p31003-10r2020-06-25w2020-06-25yLFPDZNo se presta c30495d30495